Responses for Show #8191 - Monday, March 30, 2020

Contestants

[<< previous game]

Monya De, a health journalist from Santa Monica, California

Kyle Dallman, a political recruiter and trainer from Cincinnati, Ohio

Khalilah Walters, an attorney from Danville, Virginia (whose 1-day cash winnings total $2,399)

[next game >>]

Jeopardy! Round responses

GOLF
"T" TIME
GREENS
FOUR
BIRDIES
THE MASTERS (OF ART)
    $200 16
an eagle

Kyle
    $200 1
the Trinity

Kyle
    $200 6
emerald

Khalilah
    $200 22
exhaust

Kyle
    $200 11
the Magi

Kyle
    $400 17
the U.S. Open & the British Open

Triple Stumper
    $400 2
think

Monya
    $400 7
Granny Smith

Kyle
    $400 19
the Fantastic Four

Kyle
    $400 29
[The end-of-round signal sounds.]

an ostrich

Khalilah
    $400 12
(Kyle: Who is Durer?)

suits

KhalilahKyle
    $600 18
(Kyle: What is bocce?)
(Monya: What is lawn bowling?)

croquet

KhalilahKyleMonya
    $1,000 3
a thespian

Monya
    $600 8
(Monya: What is a four-leaf clover? What's a clover?)
(Alex: Be more specific.)
(Monya: What is a four--what is a clover?)

a shamrock

KhalilahMonya
    $600 23
Lincoln

Kyle
    $600 26
(Kyle: What is the buzzard?)

the condor

KhalilahKyle
    $600 13
the Madonna and Child

Monya
    $800 20
St. Andrews

Kyle
    $800 4
a trilobite

Monya
    $800 9
(Khalilah: What is fatigue?)

olive

KhalilahKyle
    $800 24
lift

Monya
    $800 27
a crocodile bird

Monya
    $800 14
a triptych

Kyle
    $1000 21
wedge

Kyle
    $1000 5
tenacious

Kyle
    $1000 10
avocado

Khalilah
    $1000 25
(Alex: ...we have less than a minute...)

the Book of Luke

Triple Stumper
    $1000 28
(Monya: What is emu?)

a cassowary

Monya
Triple Stumper
    $1000 15
Rijksmuseum

Triple Stumper

Scores at the first commercial break (after clue 15):

Khalilah Kyle Monya
$1,400 $3,000 $2,200

Scores at the end of the Jeopardy! Round:

Khalilah Kyle Monya
$3,000 $5,000 $2,200

Double Jeopardy! Round responses

20th CENTURY BOOKS
VICE PRESIDENTIAL QUOTES
UP THE RIVER
ABSTRACT NOUNS
TV BEFORE & AFTER
FETE OFFENSIVE
    $400 24
(Aaron) Burr

Monya
    $400 10
the Seine

Kyle
    $400 5
victory

Khalilah
    $400 11
The Good Doctor Who

Monya
    $400 20
Bastille Day

Khalilah
    $3,400 29
[The end-of-round signal sounds.]

Fahrenheit 451

Monya
    $800 25
(Monya: Who is JFK?)

Robert F. Kennedy

Monya
Triple Stumper
    $800 9
the Colorado

Kyle
    $800 4
sacrifice

Monya
    $800 12
Will & Grace and Frankie

Monya
    $800 16
Andrew Jackson

Monya
    $1200 21
(Kyle: What is Their Eyes were Watching God?)

Song of Solomon

KhalilahKyle
    $1200 26
(Kyle: Who is Bob Dole?)

Walter Mondale

Kyle
Triple Stumper
    $1200 6
the Potomac

Kyle
    $1200 1
history

Khalilah
    $1200 13
Orphan Black Mirror

Triple Stumper
    $1200 17
Hong Kong

Kyle
    $1600 22
Invisible Man

Kyle
    $6,000 27
(Alex: [Prior to the wager] We have less than a minute to go now.)
...
(Alex: Monya. Say something.)
(Monya: Who...)

Richard Nixon

Monya
    $1600 7
the Illinois

Kyle
    $1600 2
Patience

Monya
    $1600 14
NYPD Blue Bloods

Monya
    $1600 18
Woodstock

Monya
    $2000 23
(Khalilah: What is As I Lay Dying?)

The Sound and the Fury

KhalilahKyle
    $2000 28
Nelson Rockefeller

Triple Stumper
    $2000 8
the Mississippi

Triple Stumper
    $2000 3
faith

Kyle
    $2000 15
Miami Vice Principals

Triple Stumper
    $2000 19
the Fyre Festival

Kyle

Scores at the end of the Double Jeopardy! Round:

Khalilah Kyle Monya
$4,200 $15,400 $6,800
(lock game)

[wagering suggestions for these scores]

Final Jeopardy! Round responses

ADVERTISING CHARACTERS
(Alex: Take a bite out of crime.)
...
(Alex: [To Kyle] You were thinking of a McMuffin, maybe?)
[Laughter]
KhalilahWho is Scooby doo?
$0
MonyaWho is MacGruff?
$6,800
KyleWho is Ruff McGruffin
$0
McGruff (the Crime Dog)

Final scores:

Khalilah Kyle Monya
$4,200 $15,400 $13,600
3rd place: $1,000 New champion: $15,400 2nd place: $2,000

Game dynamics:

Coryat scores:

Khalilah Kyle Monya
$4,200 $15,400 $9,800
11 R,
2 W
21 R,
5 W
15 R
(including 2 DDs),
5 W
(including 1 DD)

Combined Coryat: $29,400

[game clues] [game scores] [suggest correction]

Game tape date: 2020-01-29
The J! Archive is created by fans, for fans. Scraping, republication, monetization, and malicious use prohibited; this site may use cookies and collect identifying information. See terms. The Jeopardy! game show and all elements thereof, including but not limited to copyright and trademark thereto, are the property of Jeopardy Productions, Inc. and are protected under law. This website is not affiliated with, sponsored by, or operated by Jeopardy Productions, Inc. Join the discussion at JBoard.tv.